The new structuralism : (Record no. 352979)
[ view plain ]
| 000 -LEADER | |
|---|---|
| fixed length control field | 02156 a2200289 4500 |
| 003 - CONTROL NUMBER IDENTIFIER | |
| control field | OSt |
| 005 - DATE AND TIME OF LATEST TRANSACTION | |
| control field | 20180116192352.0 |
| 008 - FIXED-LENGTH DATA ELEMENTS--GENERAL INFORMATION | |
| fixed length control field | 120605t xxu||||| |||| 00| 0 eng d |
| 020 ## - INTERNATIONAL STANDARD BOOK NUMBER | |
| International Standard Book Number | 9780470742273 (paperback) |
| 020 ## - INTERNATIONAL STANDARD BOOK NUMBER | |
| International Standard Book Number | 9780470742273 (paperback) |
| 040 ## - CATALOGING SOURCE | |
| Transcribing agency | 0 |
| 082 04 - DEWEY DECIMAL CLASSIFICATION NUMBER | |
| Classification number | 721 |
| 245 14 - TITLE STATEMENT | |
| Title | The new structuralism : |
| Remainder of title | design, engineering and architectural technologies / |
| Statement of responsibility, etc. | Rivka Oxman, Robert Oxman. |
| 250 ## - EDITION STATEMENT | |
| Edition statement | 1st ed. |
| 260 ## - PUBLICATION, DISTRIBUTION, ETC. | |
| Place of publication, distribution, etc. | London : |
| Name of publisher, distributor, etc. | Wiley, |
| Date of publication, distribution, etc. | 2010. |
| 300 ## - PHYSICAL DESCRIPTION | |
| Extent | 136 p. : |
| Other physical details | ill. ; |
| Dimensions | 28 cm. |
| 490 1# - SERIES STATEMENT | |
| Series statement | Architectural design. |
| 520 ## - SUMMARY, ETC. | |
| Summary, etc. | Today the convergence of design, engineering and architectural technologies are breeding a new material practice in experimental architecture. In this pioneering publication, this important shift is fully defined as a highly dynamic synthesis of emerging principles of spatial, structural and material ordering integrated through the application of materialization and fabrication technologies. Providing the foundations for a new theory of structuring in architecture, The New Structuralism has broad implications for the way we both conceive and undertake architectural design, as its impact starts to emanate not only across education internationally, but also through architectural research and practice. Features premier research and design-oriented engineering practices: Bollinger + Grohmann Buro Happold Hanif Kara (AKT) Werner Sobek Focuses on design and fabrication technologies in the recent work of: Martin Bechthold Barkow Leibinger EMBT (Enric Miralles, Benedetta Tagliabue) Gramazio & Kohler Fabian Scheurer (designtoproduction) Yves Weinand and Markus Hudert Contributors include: John Chilton Dominik Holzer and Steven Downing Neri Oxman Helmut Pottmann Nina Rappaport. |
| 650 10 - SUBJECT ADDED ENTRY--TOPICAL TERM | |
| Topical term or geographic name entry element | Architectural design |
| 9 (RLIN) | 3884 |
| 650 10 - SUBJECT ADDED ENTRY--TOPICAL TERM | |
| Topical term or geographic name entry element | Structural design |
| 9 (RLIN) | 3885 |
| 700 1# - ADDED ENTRY--PERSONAL NAME | |
| Personal name | Oxman, Rivka. |
| 9 (RLIN) | 3886 |
| 700 1# - ADDED ENTRY--PERSONAL NAME | |
| Personal name | Oxman, Robert. |
| 9 (RLIN) | 3887 |
| 830 #0 - SERIES ADDED ENTRY--UNIFORM TITLE | |
| Uniform title | Architectural design. |
| 9 (RLIN) | 3888 |
| 856 40 - ELECTRONIC LOCATION AND ACCESS | |
| Materials specified | Amazon.com |
| Uniform Resource Identifier | <a href="http://www.amazon.com/exec/obidos/ASIN/0470742275/chopaconline-20">http://www.amazon.com/exec/obidos/ASIN/0470742275/chopaconline-20</a> |
| 942 ## - ADDED ENTRY ELEMENTS (KOHA) | |
| Institution code [OBSOLETE] | SADA |
| Koha item type | Book |
| Call number prefix | 721 NEW 2010 |
| Source of classification or shelving scheme | |
| 952 ## - LOCATION AND ITEM INFORMATION (KOHA) | |
| -- | BOOK |
| Withdrawn status | Lost status | Source of classification or shelving scheme | Damaged status | Not for loan | Permanent Location | Current Location | Date acquired | Total Checkouts | Total Renewals | Full call number | Barcode | Date last seen | Date last checked out | Cost, replacement price | Price effective from | Koha item type |
|---|---|---|---|---|---|---|---|---|---|---|---|---|---|---|---|---|
| School of Art Design and Architecture (SADA) | School of Art Design and Architecture (SADA) | 05/23/2011 | 3 | 1 | 721 NEW 2010 | SADA0001096 | 02/23/2015 | 02/19/2015 | 2653.00 | 08/05/2011 | Book |
